000 00666nam a2200241Ia 4500
005 20260430150355.0
008 008 250103s9999 xx 000 0 eng d
037 _aTheses
040 _aCRL
040 _beng
040 _ceng
041 _2eng
041 _aeng
084 _qCRL
100 _aVinit Parmeet Kumar Au.; Grover Gurprit Gu.
_91237298
245 0 _aOn the Development of Some Insurance Plans for HIV/AIDS and Cancer Patients
260 _c2022
300 _a108p.
650 _aStatistics
700 _aUniversity of Delhi. Faculty of Mathematical Sciences. Deptt. of Statistics
_91237299
942 _cTH
999 _c1849629
_d1849629